| 000 | 01047nam a2200241 a 4500 | ||
|---|---|---|---|
| 001 | 71613 | ||
| 003 | BD-RjUL | ||
| 005 | 20211209082133.0 | ||
| 008 | 170506s1965 bg ||||| |||| 00| 0 ben d | ||
| 020 | _c: TK. 2.00 | ||
| 035 | _a(BD-RjUL)71829 | ||
| 040 |
_aBD-RjUL _bben _cBD-RjUL _dBD-RjUL |
||
| 041 | _aben | ||
| 082 |
_223 _a965.046 _bALG 1965 |
||
| 100 |
_aএলেগ, হেনরী _9211903 |
||
| 245 | 1 | 0 |
_aজিজ্ঞাসা : _bআলজিরিয়ার স্বাধীনতা সংগ্রামের একটি অধ্যায় / _cহেনরী এলেগ; অনুুবাদ, রণেশ দাশগুপ্ত |
| 260 |
_aঢাকা : _bমুক্তধারা প্রকাশনী, _c১৯৬৫. |
||
| 300 |
_a৬৪ পৃ. ; _c২৪ সেমি. |
||
| 651 |
_aআলজেরিয়া _y১৯৫৪-১৯৬২ _9211904 |
||
| 651 |
_aAlgeria _y1954-1962 _9211905 |
||
| 700 |
_aদাশগুপ্ত, রণেশ; অনুুবাদক _9211906 |
||
| 942 |
_2ddc _cBK |
||
| 999 |
_c71613 _d71613 |
||